Welcome to CU Library Online Public Access Catalogue (OPAC)

English phonology : (Record no. 1971)

MARC details
000 -LEADER
fixed length control field 00876pam a2200241 a 4500
001 - CONTROL NUMBER
control field 1558350
005 - DATE AND TIME OF LATEST TRANSACTION
control field 20241205115643.0
008 - FIXED-LENGTH DATA ELEMENTS--GENERAL INFORMATION
fixed length control field 920121r19921992enka b 001 0 eng
020 ## - INTERNATIONAL STANDARD BOOK NUMBER
International Standard Book Number 0521333032 (hardback)
020 ## - INTERNATIONAL STANDARD BOOK NUMBER
International Standard Book Number 0521336031 (pbk.)
050 00 - LIBRARY OF CONGRESS CALL NUMBER
Classification number PE1133
Item number .G47 1992
082 00 - DEWEY DECIMAL CLASSIFICATION NUMBER
Classification number 421/.5
Edition information 20
100 1# - MAIN ENTRY--PERSONAL NAME
Personal name Giegerich, Heinz J.
245 10 - TITLE STATEMENT
Title English phonology :
Remainder of title an introduction /
Statement of responsibility, etc. Heinz J. Giegerich.
260 ## - PUBLICATION, DISTRIBUTION, ETC.
Place of publication, distribution, etc. Cambridge [England] ;
-- New York :
Name of publisher, distributor, etc. Cambridge University Press,
Date of publication, distribution, etc. 1992.
300 ## - PHYSICAL DESCRIPTION
Extent xv, 333 p. :
Other physical details ill. ;
Dimensions 24 cm.
440 #0 - SERIES STATEMENT/ADDED ENTRY--TITLE
Title Cambridge textbooks in linguistics
500 ## - GENERAL NOTE
General note INCLUDING REFERENCES
650 #0 - SUBJECT ADDED ENTRY--TOPICAL TERM
Topical term or geographic name entry element English language
General subdivision Phonology.
856 42 - ELECTRONIC LOCATION AND ACCESS
Materials specified Publisher description
Uniform Resource Identifier <a href="http://www.loc.gov/catdir/description/cam025/92002744.html">http://www.loc.gov/catdir/description/cam025/92002744.html</a>
856 41 - ELECTRONIC LOCATION AND ACCESS
Materials specified Table of contents
Uniform Resource Identifier <a href="http://www.loc.gov/catdir/toc/cam022/92002744.html">http://www.loc.gov/catdir/toc/cam022/92002744.html</a>
942 ## - ADDED ENTRY ELEMENTS (KOHA)
Source of classification or shelving scheme Library of Congress Classification
Koha item type Books
Suppress in OPAC No
999 ## -
-- 1971
-- 1971
Holdings
Withdrawn status Lost status Source of classification or shelving scheme Damaged status Not for loan Collection Home library Current library Shelving location Date acquired Total checkouts Full call number Barcode Date last seen Price effective from Koha item type Copy number
    Library of Congress Classification     Non-fiction Business Library (Miotso) Business Library (Miotso) General stacks 03/27/2026   PE1135 .G47 GIE BSSM00003375 04/22/2026 03/27/2026 Books 1
    Library of Congress Classification     Non-fiction Business Library (Miotso) Business Library (Miotso) General stacks 03/27/2026   PE1135 .G47 GIE BSSM00003376 04/22/2026 03/27/2026 Books 2
    Library of Congress Classification     Non-fiction Business Library (Miotso) Business Library (Miotso) General stacks 03/27/2026   PE1135 .G47 GIE BSSM00003377 04/22/2026 03/27/2026 Books 3
    Library of Congress Classification     Non-fiction Business Library (Miotso) Business Library (Miotso) General stacks 03/27/2026   PE1135 .G47 GIE BSSM00003378 04/22/2026 03/27/2026 Books 4
    Library of Congress Classification     Non-fiction Business Library (Miotso) Business Library (Miotso) General stacks 03/27/2026   PE1135 .G47 GIE BSSM00003379 04/22/2026 03/27/2026 Books 5
    Library of Congress Classification     Non-fiction Undergraduate Library (Christ Temple) Undergraduate Library (Christ Temple) General stacks 12/05/2024   PE1133 GIEulct00000522 12/05/2024 12/05/2024 Books  
© 2023-2024 Copyright: Central University Libraries. All Rights Reserved | Created by: Mahone Tech Office